[Event "Budapest-chT1 Lilienthal 1112"]
[Site "Budapest"]
[Date "2012.01.15"]
[Round "6"]
[White "Kende, Matyas"]
[Black "Halak, Miklos"]
[Result "1-0"]
[WhiteElo "2014"]
[BlackElo "2037"]
[PlyCount "97"]
[EventDate "2011.10.02"]
[EventType "team-tourn"]
[EventRounds "11"]
[EventCountry "HUN"]
[SourceTitle "EXT 2020"]
[Source "ChessBase"]
[SourceDate "2019.10.17"]
[SourceVersion "1"]
[SourceVersionDate "2019.10.17"]
[SourceQuality "1"]
[WhiteTeam "Budapest EAC III"]
[BlackTeam "Fabulon"]
[WhiteTeamCountry "HUN"]
[BlackTeamCountry "HUN"]

1. c4 e5 2. Nc3 Nc6 3. Nf3 Bc5 4. e3 d6 5. Be2 Nf6 6. d4 Bb4 7. 0-0 e4 8. Nd2 Bxc3 9. bxc3 0-0 10. f3 Bf5 11. fxe4 Bxe4 12. Rxf6 Qxf6 13. Nxe4 Qh4 14. Ng3 f5 15. Qb3 Rae8 16. Bd2 b6 17. c5+ Kh8 18. cxd6 cxd6 19. Bb5 Na5 20. Qd5 Rd8 21. Rf1 g6 22. c4 Qe7 23. Qf3 Rc8 24. Rc1 Qf7 25. Ba6 Rc7 26. d5 Nb7 27. Bxb7 Rxb7 28. Qf4 Qe7 29. h4 Kg8 30. Bb4 Rd7 31. Ne2 Re8 32. Kf2 Qd8 33. g3 Re4 34. Qh6 b5 35. Nd4 Qb6 36. c5 dxc5 37. Ne6 Rxe6 38. Bxc5 Qd8 39. dxe6 Rd2+ 40. Ke1 Rh2 41. Bd4 Qa5+ 42. Kf1 Rh1+ 43. Kg2 Qd2+ 44. Kxh1 Qxc1+ 45. Kh2 Qc2+ 46. Kh3 Qc7 47. Qf4 Qb7 48. Kh2 Qc8 49. Qe5 1-0

[Event "Budapest-chT1 Lilienthal 1011"]
[Site "Budapest"]
[Date "2011.01.23"]
[Round "7"]
[White "Kende, Matyas"]
[Black "Dlauchy, Peter"]
[Result "1-0"]
[WhiteElo "2013"]
[BlackElo "1881"]
[PlyCount "69"]
[EventDate "2010.09.19"]
[EventType "team-tourn"]
[EventRounds "11"]
[EventCountry "HUN"]
[SourceTitle "EXT 2020"]
[Source "ChessBase"]
[SourceDate "2019.10.17"]
[SourceVersion "1"]
[SourceVersionDate "2019.10.17"]
[SourceQuality "1"]
[WhiteTeam "Budapest EAC III"]
[BlackTeam "Budapest Vasas II"]
[WhiteTeamCountry "HUN"]
[BlackTeamCountry "HUN"]

1. a4 e5 2. Nf3 Nc6 3. c3 d5 4. d3 Nf6 5. Bg5 Bd6 6. e4 dxe4 7. dxe4 Be6 8. Nbd2 0-0 9. Qc2 a5 10. Bc4 Qe7 11. 0-0 Rfd8 12. Ne1 Bc5 13. Nd3 Bb6 14. Kh1 Rd7 15. Bb5 h6 16. Bh4 Rad8 17. f4 exf4 18. e5 Nxe5 19. Bxf6 Qxf6 20. Ne4 Qe7 21. Nxe5 Rd5 22. Nf3 Bf5 23. Rae1 g5 24. Bc4 R5d7 25. Qe2 g4 26. Nd4 Bxd4 27. Rxf4 Qe5 28. Ref1 Bxe4 29. Rxe4 Qxe4 30. Qxe4 Bg7 31. Qxg4 Re7 32. Qg6 Rd6 33. Bxf7+ Kh8 34. Qg4 Rf6 35. Qc8+ 1-0

[Event "HUN-chT U18"]
[Site "Miskolc"]
[Date "2009.10.30"]
[Round "8.4"]
[White "Kende, Matyas"]
[Black "Filep, Ferenc"]
[Result "1-0"]
[WhiteElo "2010"]
[BlackElo "2034"]
[PlyCount "65"]
[EventDate "2009.10.26"]
[EventType "team-swiss"]
[EventRounds "8"]
[EventCountry "HUN"]
[SourceTitle "EXT 2016"]
[Source "ChessBase"]
[SourceDate "2015.10.08"]
[SourceVersion "1"]
[SourceVersionDate "2015.10.08"]
[SourceQuality "1"]

1. e4 Nf6 2. e5 Nd5 3. Bc4 Nb6 4. Bb3 c5 5. d3 d5 6. c3 Nc6 7. d4 e6 8. Nf3 Be7 9. 0-0 0-0 10. Re1 cxd4 11. Nxd4 Nd7 12. Bf4 Qb6 13. Qd3 Nc5 14. Qg3 f6 15. Bh6 Rf7 16. Nf5 Nxe5 17. Bxg7 exf5 18. Bxf6+ Kf8 19. Bxe5 Ne4 20. Qe3 Bc5 21. Bd4 Bxd4 22. Qxd4 Be6 23. Qxb6 axb6 24. f3 Nc5 25. Bc2 Bd7 26. Nd2 f4 27. Nb3 Na4 28. Rab1 Rg7 29. Re5 Kf7 30. Rbe1 Rag8 31. R1e2 Bb5 32. Rf5+ Kg6 33. Re6# 1-0

[Event "HUN-chT U18"]
[Site "Miskolc"]
[Date "2009.10.28"]
[Round "5.5"]
[White "Csorsz, Ferenc Jr"]
[Black "Kende, Matyas"]
[Result "0-1"]
[WhiteElo "1911"]
[BlackElo "2010"]
[PlyCount "42"]
[EventDate "2009.10.26"]
[EventType "team-swiss"]
[EventRounds "8"]
[EventCountry "HUN"]
[SourceTitle "EXT 2016"]
[Source "ChessBase"]
[SourceDate "2015.10.08"]
[SourceVersion "1"]
[SourceVersionDate "2015.10.08"]
[SourceQuality "1"]

1. e4 d6 2. d4 Nf6 3. Nc3 c6 4. Bg5 Qa5 5. Qd2 Nbd7 6. f4 h6 7. Bh4 e5 8. Nf3 Be7 9. fxe5 dxe5 10. Be2 Bb4 11. 0-0 Nxe4 12. Qe3 Nxc3 13. bxc3 Bxc3 14. Nxe5 Nxe5 15. Bg3 Bxa1 16. Bxe5 Qc3 17. Bd3 Be6 18. Qg3 0-0-0 19. Qf4 f6 20. Bf5 Bxf5 21. Qxf5+ Rd7 0-1

[Event "HUN-chT U18"]
[Site "Miskolc"]
[Date "2009.10.27"]
[Round "3.6"]
[White "Havanecz, Bianka"]
[Black "Kende, Matyas"]
[Result "0-1"]
[WhiteElo "1755"]
[BlackElo "2010"]
[PlyCount "88"]
[EventDate "2009.10.26"]
[EventType "team-swiss"]
[EventRounds "8"]
[EventCountry "HUN"]
[SourceTitle "EXT 2016"]
[Source "ChessBase"]
[SourceDate "2015.10.08"]
[SourceVersion "1"]
[SourceVersionDate "2015.10.08"]
[SourceQuality "1"]

1. d4 c5 2. c3 cxd4 3. cxd4 Nf6 4. Nf3 d5 5. e3 Bg4 6. Be2 Nc6 7. h3 Bh5 8. 0-0 e6 9. Bd2 Be7 10. a3 0-0 11. Ne5 Bxe2 12. Qxe2 Nxe5 13. dxe5 Ne4 14. Nc3 Nc5 15. b4 Nd7 16. f4 Nb6 17. Nd1 Rc8 18. Bc3 Qd7 19. Bd4 Rc7 20. Nc3 Nc4 21. g4 Rfc8 22. Qd3 a5 23. Rfb1 Nxa3 24. Rxa3 axb4 25. Rab3 bxc3 26. Bxc3 Rc4 27. Bd4 Rc1+ 28. Rxc1 Rxc1+ 29. Kg2 Qc6 30. Rb2 g6 31. f5 Bh4 32. f6 Qa4 33. Rxb7 Rc2+ 34. Kg1 Rc1+ 35. Kg2 Rc2+ 36. Kg1 h5 37. Rb8+ Kh7 38. Rb7 Rc1+ 39. Kg2 Rc2+ 40. Kg1 Qa2 41. Rxf7+ Kh8 42. Rf8+ Kh7 43. Rf7+ Kh6 44. e4 Rc1+ 0-1

[Event "HUN-chT U18"]
[Site "Miskolc"]
[Date "2009.10.27"]
[Round "2.10"]
[White "Kende, Matyas"]
[Black "Kantor, Gergely"]
[Result "1/2-1/2"]
[WhiteElo "2010"]
[BlackElo "1823"]
[PlyCount "108"]
[EventDate "2009.10.26"]
[EventType "team-swiss"]
[EventRounds "8"]
[EventCountry "HUN"]
[SourceTitle "EXT 2016"]
[Source "ChessBase"]
[SourceDate "2015.10.08"]
[SourceVersion "1"]
[SourceVersionDate "2015.10.08"]
[SourceQuality "1"]

1. g3 c5 2. Bg2 Nc6 3. d3 g6 4. c4 Bg7 5. Nc3 d6 6. Nf3 e5 7. 0-0 Nge7 8. Ne1 Be6 9. Qb3 Rb8 10. Nc2 a6 11. Qa4 0-0 12. Ne3 Bd7 13. Ned5 Nxd5 14. Nxd5 Nd4 15. Qd1 b5 16. e3 Ne6 17. Qc2 Nc7 18. Rd1 Nxd5 19. Bxd5 Qc7 20. Qe2 Bc6 21. Qf3 Rbc8 22. Rb1 Bxd5 23. Qxd5 Qc6 24. Qxc6 Rxc6 25. b3 Rd8 26. e4 b4 27. Kg2 a5 28. h4 h6 29. h5 g5 30. Kh3 Ra6 31. Bb2 a4 32. Ra1 axb3 33. axb3 Rda8 34. Rxa6 Rxa6 35. Ra1 Rxa1 36. Bxa1 f6 37. Kg4 Kf7 38. Kf5 Bf8 39. Bb2 Bg7 40. Bc1 Bf8 41. f4 gxf4 42. gxf4 Bg7 43. Be3 Bf8 44. Bf2 Bg7 45. Bh4 Bh8 46. fxe5 fxe5 47. Bd8 Bg7 48. Bc7 Bf8 49. Bd8 Bg7 50. Bh4 Bh8 51. Bg3 Bf6 52. Bf2 Bg7 53. Bh4 Bh8 54. Bg3 Bf6 1/2-1/2

[Event "Balatonlelle op 26th"]
[Site "Balatonlelle"]
[Date "2008.06.19"]
[Round "4.10"]
[White "Kende, Matyas"]
[Black "Eperjesi, Laszlo"]
[Result "0-1"]
[WhiteElo "2011"]
[BlackElo "2284"]
[PlyCount "80"]
[EventDate "2008.06.14"]
[EventType "swiss"]
[EventRounds "9"]
[EventCountry "HUN"]
[SourceTitle "CBM 125 Extra"]
[Source "ChessBase"]
[SourceDate "2008.09.01"]
[SourceVersion "1"]
[SourceVersionDate "2008.09.01"]
[SourceQuality "1"]

1. c4 Nf6 2. g3 e6 3. Bg2 d5 4. cxd5 exd5 5. d4 c6 6. Nf3 Bd6 7. 0-0 0-0 8. Nc3 Re8 9. Bg5 Nbd7 10. e4 dxe4 11. Nd2 h6 12. Ndxe4 Be7 13. Be3 Nb6 14. Nxf6+ Bxf6 15. Qd3 Be6 16. Rfd1 Nd5 17. a3 Rc8 18. Na4 b6 19. Rac1 Bg4 20. Rd2 Qd7 21. Be4 Nxe3 22. fxe3 c5 23. Nc3 cxd4 24. exd4 Bg5 25. Re1 Bxd2 26. Qxd2 f5 27. Bd5+ Kh8 28. Rxe8+ Rxe8 29. Bc4 Bf3 30. Qf4 Be4 31. d5 Qc8 32. Bb5 Qc5+ 33. Kf1 Rd8 34. Qh4 Rxd5 35. Be2 Rd4 36. Nxe4 fxe4 37. Qg4 Qe5 38. a4 Rd8 39. b3 Rf8+ 40. Kg2 Qf5 0-1

[Event "HUN-chT2 Erkel 0708"]
[Site "Hungary"]
[Date "2008.02.17"]
[Round "6"]
[White "Kende, Matyas"]
[Black "Pongo, Istvan"]
[Result "1-0"]
[WhiteElo "1947"]
[BlackElo "1824"]
[PlyCount "25"]
[EventDate "2007.10.14"]
[EventType "team"]
[EventRounds "11"]
[EventCountry "HUN"]
[SourceTitle "EXT 2009"]
[Source "ChessBase"]
[SourceDate "2008.11.26"]
[SourceVersion "1"]
[SourceVersionDate "2008.11.26"]
[SourceQuality "1"]
[WhiteTeam "Statisztika II"]
[BlackTeam "Godi"]
[WhiteTeamCountry "HUN"]
[BlackTeamCountry "HUN"]

1. c4 Nf6 2. Nc3 g6 3. g3 Bg7 4. Bg2 0-0 5. e3 c6 6. Nge2 d5 7. d4 Bf5 8. 0-0 Na6 9. Qb3 Bd3 10. cxd5 cxd5 11. Re1 Qc7 12. Nf4 e6 13. Nxd3 1-0

[Event "Balatonlelle op-B"]
[Site "Balatonlelle"]
[Date "2006.06.25"]
[Round "9.23"]
[White "Szabo, Richard"]
[Black "Kende, Matyas"]
[Result "1/2-1/2"]
[WhiteElo "1721"]
[BlackElo "1711"]
[PlyCount "119"]
[EventDate "2006.06.17"]
[EventType "swiss"]
[EventRounds "9"]
[EventCountry "HUN"]
[SourceTitle "EXT 2007"]
[Source "ChessBase"]
[SourceDate "2006.11.23"]
[SourceVersion "1"]
[SourceVersionDate "2006.11.23"]
[SourceQuality "1"]

1. Nf3 d5 2. c4 dxc4 3. Qa4+ Nc6 4. Qxc4 Nf6 5. g3 Be6 6. Qc2 Nb4 7. Qa4+ Nc6 8. Bg2 Bd7 9. Nc3 e5 10. 0-0 Bc5 11. d3 0-0 12. a3 Re8 13. Bg5 h6 14. Bxf6 Qxf6 15. Ne4 Qe7 16. Nxc5 Qxc5 17. Rac1 Qe7 18. Qb3 a5 19. e3 a4 20. Qc3 b5 21. Nd2 Ra6 22. Ne4 b4 23. Qc5 bxa3 24. bxa3 Qe6 25. Qc4 Qxc4 26. Rxc4 Be6 27. Rc3 Bd5 28. Rfc1 Na5 29. Nf6+ gxf6 30. Bxd5 Rd8 31. Ba2 c5 32. Kf1 Rad6 33. Rxc5 Nb3 34. Bxb3 axb3 35. Rb5 Rxd3 36. Rb1 Rd1+ 37. Rxd1 Rxd1+ 38. Ke2 Rb1 39. Kd3 Rb2 40. f4 Rxh2 41. Rxb3 Rh3 42. Ke4 Rxg3 43. a4 exf4 44. Kxf4 Rg5 45. e4 Kg7 46. Kf3 h5 47. Rb5 Rg1 48. Rxh5 Kf8 49. Ke3 Ke7 50. Rd5 Rg8 51. Kd4 Rc8 52. a5 Rc7 53. Rc5 Rd7+ 54. Kc4 Ra7 55. Kb5 Kd6 56. Rf5 Re7 57. Rxf6+ Kc7 58. Rc6+ Kb7 59. a6+ Ka7 60. Rc5 1/2-1/2